| 000 | 00844 a2200253 4500 | ||
|---|---|---|---|
| 001 | 200003158 | ||
| 999 |
_c200003158 _d42661 |
||
| 003 | TR-AnTOB | ||
| 005 | 20200630161832.0 | ||
| 008 | 110318s2009 enk 000 0 | ||
| 020 | _a9780521426664 | ||
| 040 | _aTR-AnTOB | ||
| 041 | _aeng | ||
| 050 | 0 | 0 |
_aP53.85 _b.P37 2009 |
| 090 | _aP53.85 .P37 2009 | ||
| 100 | 1 |
_aParrott, Martin _973224 |
|
| 245 | 1 | 0 |
_aTasks for language teachers : _ba resource book for training and development / _cMartin Parrott. |
| 264 | 1 |
_aCambridge : _bCambridge University Press , _c2009. |
|
| 300 |
_a325 p. ; _c23 cm. |
||
| 490 | 0 | _aCambridge teacher training and development | |
| 504 | _aIncludes bibliographical references and index. | ||
| 505 | _a1. For the trainer. -- 2. Tasks and accompanying notes. -- 3. Resources bank. | ||
| 650 | 0 |
_aLanguage teachers _xTraining of _938858 |
|
| 942 | _cBK | ||